Quick Pick: TV -ed Shows Quiz Stats

 Plays Quiz Updated Aug 14, 2019

Score 0/13 Timer 01:30
0 Plays Today
% Correct
Wanted
97.8%
Saved
97.6%
Married
97%
Asked
96.7%
Arrested
96.3%
Touched
94.2%
Naked
93.5%
So-Called
91.1%
Altered
86.8%
Gifted
85.5%
Grounded
82.2%
Masked
80.6%
Friended
74.2%

Today's Daily Dose

Missing Word
Sherlocks

Word Ladder
King of the Hill

Quick Pick
Songs in Pink

Get the Picture
NBA Teammates

You're not logged in!

Compare scores with friends on all Sporcle quizzes.
OR
Log In

Sporcle TV

Today on Sporcle TV


Watch our educational content, quiz creation guides, and fun videos on Sporcle TV.

Show Comments

Extras

Top Quizzes Today


Score Distribution

Your Account Isn't Verified!

In order to create a playlist on Sporcle, you need to verify the email address you used during registration. Go to your Sporcle Settings to finish the process.

Report this User

Report this user for behavior that violates our Community Guidelines.

Details: